Movies Quiz

Random Movies or Oscar Quiz

They Didn't Win Best Picture Quiz Stats

 Plays Quiz Updated Feb 19, 2016

Score 0/30 Timer 07:00
2 Plays Today
% Correct
The Wizard of Oz
99.3%
Star Wars Episode IV: A New Hope
96.4%
Saving Private Ryan
95.2%
Pulp Fiction
94.8%
The Shawshank Redemption
93.8%
The Exorcist
89.2%
The Ten Commandments
82.9%
Raging Bull
81%
Field of Dreams
80.5%
Taxi Driver
79.5%
12 Angry Men
78%
Gangs of New York
76.2%
Lost In Translation
74.5%
Inception
74.2%
The Elephant Man
74%
% Correct
It's a Wonderful Life
73.9%
The Theory of Everything
66.7%
Dr. Strangelove or: How I Learned to Stop Worrying and Love the Bomb
65.1%
Boyhood
61%
Citizen Kane
59.6%
Mystic River
55.7%
Butch Cassidy and the Sundance Kid
53.7%
Apocalypse Now
51.9%
The Great Dictator
46.7%
Doctor Zhivago
42.9%
Roman Holiday
42.5%
Sunset Boulevard
40.9%
The Killing Fields
35.3%
The Philadelphia Story
28.6%
All That Jazz
27.7%

You're not logged in!

Compare scores with friends on all Sporcle quizzes.
OR
Log In

Sporcle TV

Today on Sporcle TV


Watch our educational content, quiz creation guides, and fun videos on Sporcle TV.

Show Comments

Extras

Top Quizzes Today


Score Distribution

Your Account Isn't Verified!

In order to create a playlist on Sporcle, you need to verify the email address you used during registration. Go to your Sporcle Settings to finish the process.

Report this User

Report this user for behavior that violates our Community Guidelines.

Details: